Quiz del Sudamerica - Statistics

Statistiche generali
  • Questo quiz è stato fatto 64 volte
  • Il punteggio medio è 12 su 15
Statistiche sulle risposte
Domanda Risposta % Corretto
Paese più grande Brasile
100%
Capitale dell'Argentina Buenos Aries
95%
Capitale del Cile Santiago
93%
Paese che sulla bandiera ha il sole Argentina
91%
Capitale del Perù Lima
91%
Paese che confina la Colombia Panama
89%
Paese che ha la foresta dell'Amazonia Brasile
87%
Paesi europei che si estendono nel continente Regno unito e Francia
87%
Paese più piccolo Uruguay e Ecuador
84%
Oceani in cui si trova il continente Oceano pacifico meridionale e Oceano atlantico meridionale
80%
Paese con più divertimento Brasile
78%
Dove vive Papa Leone XIV Perù
75%
Paese che ha l'isola di Pasqua Cile
60%
Paese con il logo sulla bandiera complicata da disegnare Ecuador
47%
Continenti confinanti Nordamerica e Europa
33%
Nessun quiz corrispondente trovato
Distribuzione punteggi
Percentuale di utenti per punteggio
Percentile per numero di risposta
I tuoi punteggi nel tempo
Non hai fatto questo quiz